Dominio de los contenidos matemáticos por parte del docente como factor de éxito o fracaso escolar en el Primer Ciclo del Nivel Básico en República Dominicana (Record no. 8195)
[ view plain ]
| 000 -LEADER | |
|---|---|
| campo de control de longitud fija | 00494nam a2200133Ia 4500 |
| 001 - NÚMERO DE CONTROL | |
| campo de control | 2855 |
| 008 - DATOS DE LONGITUD FIJA--INFORMACIÓN GENERAL | |
| campo de control de longitud fija | 241024s9999 xx 000 0 und d |
| 082 ## - NÚMERO DE LA CLASIFICACIÓN DECIMAL DEWEY | |
| Número de clasificación | RD/510/R426d/IDEICE/2012 |
| 100 ## - ENTRADA PRINCIPAL--NOMBRE DE PERSONA | |
| Nombre de persona | República Dominicana.MINERD/CECC/SICA |
| 245 #0 - MENCIÓN DEL TÍTULO | |
| Título | Dominio de los contenidos matemáticos por parte del docente como factor de éxito o fracaso escolar en el Primer Ciclo del Nivel Básico en República Dominicana |
| 260 ## - PUBLICACIÓN, DISTRIBUCIÓN, ETC. | |
| Nombre del editor, distribuidor, etc. | Santo Domingo |
| Fecha de publicación, distribución, etc. | 2012 |
| 901 ## - ELEMENTOS DE DATOS A LOCAL LDA (RLIN) | |
| a | 8/4/2013 10:20:22 a.m. |
No items available.